Регионална библиотека "Любен Каравелов" - Русе

Динозаврите (Запис номер 347693)

MARC детайли
000 -Лидер
Лидер 01269nam a2200325 a 4500
003 - Код на организацията, давaща контролен номер
Код на организацията, даваща контролен номер BLK
005 - Дата и час на последна редакция
Дата и час на последна редакция 20250728142551.0
008 - Елементи от данни с фиксирана дължина
Елементи с фиксирана дължина 200114b bu |||||r|||| 00| 0 bu d
020 ## - Международен стандартен номер на книга ISBN
ISBN 9786191994069
Коментар към ISBN (Подв.)
020 ## - Международен стандартен номер на книга ISBN
ISBN 3800083824831
040 ## - Източник на каталожния запис
Код на библиотеката BLK
041 ## - Код за език
Език Български
Език за КДБФ Български
080 ## - УДК
УДК текст Динозаври
УДК код 568.1
УДК – определител (02.053.2)
УДК – код + определител 568.1(02.053.2)
080 ## - УДК
УДК текст Издания за деца и юноши. Книжки-картинки. Читанки. Вж и 372.4
УДК код 087.5
УДК – код + определител 087.5
9 (RLIN) 231478
084 ## - Класификационен индекс по друга класификация
Авторски знак Дин - Д 62
240 ## - Унифицирано заглавие
Унифицирано заглавие Dinosaurs
245 ## - Сведения за заглавието
Заглавие Динозаврите
Авторска отговорност прев. Живко Николчев.
260 ## - Област на издателските данни
9 (RLIN) 209475
Място на издаване София
Име на издателя Фют
Година на издаване 2019
Печатница Малайзия
300 ## - Физическа характеристика
Брой страници [16] с.
Илюстрации с цв. ил.
Размер 23 см
380 ## - Жанр
Жанр Детска отраслова лит.
490 ## - СЕРИИ (Колекции)
9 (RLIN) 202512
Серия Искам да знам...
ISSN на серия ISSN C623-853X
500 ## - Общи забележки
Обща забележка Ориг. загл.: Dinosaurs. - Кн. отпеч. на ламиниран картон
650 #7 - Допълнително описание по предмет – тема
9 (RLIN) 153483
Предметна рубрика Динозаври
653 ## - Ключова дума – ненормативна
9 (RLIN) 186344
Ключови думи енциклопедии
700 ## - Други автори (авторска отговорност)
Друг автор Николчев, Живко Любомиров
9 (RLIN) 344811
852 ## - Местоположение
Отдел Детски отдел
Систематично-азбучна сигнатура ДН 5/Д 62
942 ## - АРТИКУЛИ
Вид на библиотечния документ Книги
Скрит в OPAC Не
Периодичен библиозапис Да
Koha issues (borrowed), all copies 4
944 ## - СЪЗДАВАНЕ И РЕДАКЦИЯ на ЗАПИСА
Създаване/Редакция Създаване
Дата на регистрацията/редакция 2020-01-14
Служител, извършил регистрацията/редакцията 30543
Номер на служител Ива Цветкова
999 ## - СИСТЕМНИ КОНТРОЛНИ НОМЕРА
Koha biblionumber 347693
Koha biblioitemnumber 347693
Наличности
Код за отписване Код за изгубен артикул Източник на класификационната схема Код за повреда Код за отдаване Артикулен № Име на библиотеката - собственик Име на библиотеката, в която се намира в момента Статус (Текущо местоположение) Дата на вписване в системата Местоположение - отдел Цена в лева Систематично азбучна сигнатура Баркод Цена в евро Служебен тип на артикула Инвентарен номер
  Не е изгубен Universal Decimal Classification Не е повреден ползва се в читалня 754431 Регионална библиотека "Любен Каравелов" Русе Регионална библиотека "Любен Каравелов" Русе Хранилище 2020-01-21 Хранилище 14.90 Цб 297577 120000841239 7.62 Книги  
  Не е изгубен Universal Decimal Classification Не е повреден заемане за дома 957747 Регионална библиотека "Любен Каравелов" Русе Регионална библиотека "Любен Каравелов" Русе Детски отдел 2025-01-08 Детски отдел 14.90 ДН 5/Д 62 120000916514 7.62 Книги 120000916514
Vip Innovations Ltd, Rousse, Bulgaria 2025